000
00284nam a2200109Ia 4500
008
190914s9999||||xx |||||||||||||| ||und||
100
_a
Mark Saunders
245
0
_a
Research Mathods for Business Students
260
_a
New Delhi
_b
Tata McGraw Hill
_c
1997
300
_a
744
942
_c
BK
999
_c
8509
_d
8509